Tài liệu chuyên Toán Hình học 10 :

Quyển sách được chia thành 4 chương: chương I (Vec tơ), chương II (Tích vô hướng và ứng dụng), chương III (Phương pháp toạ độ trong mặt phẳng), chương IV (Các phép biến hình trong mặt phẳng). Là tài liệu bổ ích cho các học sinh ham thích và ho...

Cijeli opis

Spremljeno u:
Bibliografski detalji
Glavni autor: Đoàn, Quỳnh
Format: Knjiga
Jezik:Undetermined
Izdano: Tp. Hồ Chí Minh Giáo dục Việt Nam 2013
Teme:
Oznake: Dodaj oznaku
Bez oznaka, Budi prvi tko označuje ovaj zapis!
Thư viện lưu trữ: Trung tâm Học liệu Trường Đại học Cần Thơ
LEADER 01206nam a2200217Ia 4500
001 CTU_184773
008 210402s9999 xx 000 0 und d
020 |c 55000 
082 |a 516.00712 
082 |b Qu609 
100 |a Đoàn, Quỳnh 
245 0 |a Tài liệu chuyên Toán Hình học 10 : 
245 0 |c Đoàn Quỳnh ... [et al.] (chủ biên) 
260 |a Tp. Hồ Chí Minh 
260 |b Giáo dục Việt Nam 
260 |c 2013 
520 |a Quyển sách được chia thành 4 chương: chương I (Vec tơ), chương II (Tích vô hướng và ứng dụng), chương III (Phương pháp toạ độ trong mặt phẳng), chương IV (Các phép biến hình trong mặt phẳng). Là tài liệu bổ ích cho các học sinh ham thích và học giỏi môn Toán, đặc biệt giúp học sinh chuyên Toán có tài liệu học tập riêng cho hệ thống của mình. 
650 |a Geometry,Hình học 
650 |x Study and teaching (Secondary),Dạy và học (trung học) 
904 |i Nguyễn Thị Kiều Oanh 
980 |a Trung tâm Học liệu Trường Đại học Cần Thơ